Uma nova estrela (Record no. 62034)

MARC details
000 -LÍDER
campo de controle de tamanho fixo 00336 a2200157 4500
001 - NÚMERO DE CONTROLE
campo de controle 62034
020 ## - ISBN - INTERNATIONAL STANDARD BOOK NUMBER
ISBN - International Standard Book Number 9788538004578
040 ## - FONTE DA CATALOGAÇÃO
Instituição que transcreveu o registro Anchieta - Pituba
100 ## - ENTRADA PRINCIPAL--NOME PESSOAL
Nome pessoal Jefferies, Cindy
240 10 - TÍTULO UNIFORME
Título uniforme Uma nova estrela
Idioma da obra por
245 10 - TÍTULO
Título Uma nova estrela
300 ## - DESCRIÇÃO FÍSICA
Extensão 122
362 0# - DATAS DE PUBLICAÇÃO E/OU DESIGNAÇÃO SEQUENCIAL
Datas de publicação e/ou designação sequencial 2009
650 #4 - ASSUNTO--TERMO TÓPICO
Cabeçalho tópico ou nome geográfico Literatura juvenil
942 ## - ELEMENTOS DE ENTRADA ADICIONADOS (KOHA)
Tipo de material Koha Livros
Holdings
Situação do descarte Situação das perdas Situação física Não pode ser emprestado Biblioteca de origem Biblioteca atual Data de aquisição Total de empréstimos Número de chamada completo Código de barras Data de último acesso Data do preço efetivo Tipo de material Koha Fonte da classificação ou esquema de arquivamento na estante Nota pública Número do exemplar
        Colégio Anchieta - Pituba Colégio Anchieta - Pituba 21/11/2023   LJ 028.5 J45n JEF NOV 14419/PIT 21/11/2023 21/11/2023 Livros      
        Novo Tempo - Aureliano São José Novo Tempo - Aureliano São José 07/05/2024     nt362 07/05/2024 07/05/2024 Livros Classificação Decimal de Dewey Estante Azul  
        Portinari - Salvador Portinari - Salvador 16/08/2024   028.5 J46e 11606/CCP 16/08/2024 16/08/2024 Livros     Ex. 1